00795 a2200145 4500003000500000005001700005020001500022040000900037082001200046245008300058260002500141300001100166505046100177650001100638Nust20170207154027.0 a0738132489 cNust a621.325 aIEEE standard VHDL language reference manual - (E-BOOK)cIEEE computer society aNew YorkbIEEEc2002 a309 p. a Design entities and configurations (Page- 5) Subprograms and packages (Page- 19) Types (Page- 33) Declarations (Page- 55) Specifications (Page- 75) Names (Page- 89) Expressions (Page- 97) Sequential statements (Page- 117) Concurrent statements (Page- 133) Scope and visibility (Page- 149) Design units and their analysis (Page- 157) Elaboration and execution (Page- 161) Lexical elements (Page- 179) Predefined language environment (Page-191) aE-BOOK